Council tax reform (Record no. 117749)

MARC details
000 -LEADER
fixed length control field 01086cam a2200205 4500
001 - CONTROL NUMBER
control field WB@3612-691
008 - FIXED-LENGTH DATA ELEMENTS--GENERAL INFORMATION
fixed length control field 040721n2004 000 0 eng u
035 ## - SYSTEM CONTROL NUMBER
System control number (Sirsi) u126895
245 ## - TITLE STATEMENT
Title Council tax reform
260 ## - PUBLICATION, DISTRIBUTION, ETC.
Date of publication, distribution, etc. 2004
490 ## - SERIES STATEMENT
Series statement ODPM News Release
Volume/sequential designation (2004/0172) 20 July 2004 (8)
520 ## - SUMMARY, ETC.
Summary, etc. An independent inquiry into local government funding that will examine how to make the council tax system fairer and more sustainable has been announced. It will be informed by the "Balance of funding report", also just published (view at: http://www.local.odpm.gov.uk/finance/balance.htm). The inquiry will amongst other things: make recommendations for the reform of council tax; and assess the case for giving local authorities more flexibility to raise additional revenue. The results are due by the end of 2005. http://www.odpm.gov.uk/pns/DisplayPN.cgi?pn_id=200 4_0172
590 ## - LOCAL NOTE (RLIN)
Local note WB
590 ## - LOCAL NOTE (RLIN)
Local note WB
650 ## - SUBJECT ADDED ENTRY--TOPICAL TERM
Topical term or geographic name entry element COUNCIL TAX
650 ## - SUBJECT ADDED ENTRY--TOPICAL TERM
Topical term or geographic name entry element BALANCE OF FUNDING REPORT
650 ## - SUBJECT ADDED ENTRY--TOPICAL TERM
Topical term or geographic name entry element LOCAL GOVERNMENT FUNDING
690 ## - LOCAL SUBJECT ADDED ENTRY--TOPICAL TERM (OCLC, RLIN)
Topical term or geographic name as entry element RATING AND LOCAL TAXATION
942 ## - ADDED ENTRY ELEMENTS (KOHA)
Suppress in OPAC 0
Holdings
Withdrawn status Lost status Source of classification or shelving scheme Damaged status Not for loan Home library Current library Shelving location Date acquired Total Checkouts Full call number Barcode Date last seen Copy number Price effective from Koha item type
    Dewey Decimal Classification     London London News article 21/07/2004   WB4028-17 126895-1001 06/08/2019 1 06/08/2019 News article